000 003750000a22001690004500
999 _c48106
_d48106
001 924
003 CO-MdFUSB
005 20171012182237.0
008 171012b xxu||||| |||| 00| 0 eng d
040 _cCO-MdBIC
082 0 4 _a863N W155b
100 1 _aWallace, Lewis
245 1 0 _aBen Hur / Lewis Wallace
260 _aGuayaquil : Ariel
300 _a111 P.
942 _cLGB